| 000 | 01010cam a2200229 4500 | ||
|---|---|---|---|
| 001 | L136762 | ||
| 008 | 070222n2007 000 0 eng u | ||
| 035 | _a(Sirsi) u136762 | ||
| 041 | 0 | _aeng | |
| 110 | 2 |
_aIPD Occupiers _95090 |
|
| 245 | 0 | 0 | _aInternational total occupancy cost code |
| 250 | _a4th ed. | ||
| 260 | _c2007 | ||
| 505 | 2 | _aApproach -- Cost definitions -- Additional information -- Applying the code -- Putting the code to work -- Cost code reconciliation guide -- Cost mapping guide. | |
| 520 | _aHelps with analysis of occupancy costs and can be used for a wide variety of purposes from strategy to procurement analysis. Contains case studies from Standard Chartered and Bradford & Bingley, and worked examples of PFI and service offices. | ||
| 590 | _aKA | ||
| 650 | 2 | 4 | _aTOTAL OCCUPANCY COST CODE |
| 651 | 4 |
_aUnited Kingdom _y |
|
| 690 | _aBUILT ENVIRONMENT-BUILDING COSTS | ||
| 856 | 4 | 0 | _uhttps://www.ipd.com/portals/7/downloads/IPD_Cost_Code_v4_Deutsch_Englisch.pdf |
| 942 | _n0 | ||
| 999 |
_c106502 _d106502 |
||